00859cam a22002773a 450000100060000000300060000600500170001200800410002904000150007004200070008505000070009210000330009924500560013226000290018850000320021750600300024951600200027965300640029965300280036365300420039170000150043370000370044874000250048583000290051085600420053914301PGUSA20140828083315.0041208s2004||||xxu|||||s|||||000 1 eng d aPGUSAbeng adc 4aPQ1 aBenoît, Pierre,d1886-196210aAtlantidah[electronic resource] /cPierre Benoît bProject Gutenberg,c2004 aTranslation of: L'Atlantide aPublic domain in the USA. aElectronic text aFrench fiction -- 20th century -- Translations into English aScience fiction, French aAtlantis (Legendary place) -- Fiction1 aRoss, Mary1 aTongue, Mary Van Arsdale,d1891-0 aL'Atlantide. English 0aProject Gutenbergv1430140uhttp://www.gutenberg.org/ebooks/14301